<?xml version="1.0" encoding="UTF-8"?>
<collection xmlns="http://www.loc.gov/MARC21/slim">
  <record>
    <leader>00000nam  2200000   4500</leader>
    <controlfield tag="001">INLIS000000000014632</controlfield>
    <controlfield tag="005">20220924060532</controlfield>
    <datafield tag="035" ind1="#" ind2="#">
      <subfield code="a">0010-0922001394</subfield>
    </datafield>
    <controlfield tag="001">INLIS000000000014628</controlfield>
    <controlfield tag="005">20220924054233</controlfield>
    <datafield tag="035" ind1="#" ind2="#">
      <subfield code="a">0010-0922001393</subfield>
    </datafield>
    <datafield tag="035" ind1="#" ind2="#">
      <subfield code="a">0010-0922001392</subfield>
    </datafield>
    <datafield tag="035" ind1="#" ind2="#">
      <subfield code="a">0010-0922001391</subfield>
    </datafield>
    <datafield tag="035" ind1="#" ind2="#">
      <subfield code="a">0010-0922001390</subfield>
    </datafield>
    <datafield tag="245" ind1="1" ind2="#">
      <subfield code="a">SATU DESA SATU PEMUDA PELOPOR Dinas Pemuda dan Olahraga Kabupaten Kutai Timur /</subfield>
      <subfield code="c">Basuki Isnawan, S.Hut</subfield>
    </datafield>
    <datafield tag="100" ind1="1" ind2="#">
      <subfield code="a">ISNAWAN, Basuki</subfield>
    </datafield>
    <datafield tag="250" ind1="#" ind2="#">
      <subfield code="a">1</subfield>
    </datafield>
    <datafield tag="300" ind1="#" ind2="#">
      <subfield code="a">45 halaman ; lampiran :</subfield>
      <subfield code="b">ilustrasi ;</subfield>
      <subfield code="c">30 cm</subfield>
    </datafield>
    <datafield tag="260" ind1="#" ind2="#">
      <subfield code="a">Samarinda :</subfield>
      <subfield code="b">Puslatbang KDOD,</subfield>
      <subfield code="c">2021</subfield>
    </datafield>
    <datafield tag="084" ind1="#" ind2="#">
      <subfield code="a">PKA 093 2021</subfield>
    </datafield>
    <datafield tag="650" ind1="#" ind2="4">
      <subfield code="a">Proyek Perubahan</subfield>
    </datafield>
    <datafield tag="650" ind1="#" ind2="4">
      <subfield code="a">Administrator</subfield>
    </datafield>
    <datafield tag="650" ind1="#" ind2="4">
      <subfield code="a">sistem informasi</subfield>
    </datafield>
    <datafield tag="650" ind1="#" ind2="4">
      <subfield code="a">inovasi pemerintah</subfield>
    </datafield>
    <datafield tag="650" ind1="#" ind2="4">
      <subfield code="a">pembinaan masyarakat</subfield>
    </datafield>
    <datafield tag="650" ind1="#" ind2="4">
      <subfield code="a">kepemudaan</subfield>
    </datafield>
    <datafield tag="650" ind1="#" ind2="4">
      <subfield code="a">pembinaan remaja</subfield>
    </datafield>
    <datafield tag="650" ind1="#" ind2="4">
      <subfield code="a">pemuda daerah</subfield>
    </datafield>
    <datafield tag="500" ind1="#" ind2="#">
      <subfield code="a">Coach : M. Harry Rahmadi&#13;
Penguji : Dr. Rahmat, MA&#13;
Mentor : Basrie, S.Pd.,M.Si</subfield>
    </datafield>
    <datafield tag="520" ind1="#" ind2="#">
      <subfield code="a">Laporan proyek perubahan ini menjelaskan pembinaan generasi muda di Kabupaten Kutai Timur harus terus ditingkatkan yang menjadi tanggung jawab pemerintah dalam hal ini Dinas Pemuda dan Olahraga serta pembinaan generasi muda belum terlaksana secara maksimal disebabkan oleh beberapa factor. Inovasi Satu Desa Satu Pemuda Pelopor adalah kegiatan pembinaan generasi muda  yang ada di desa dengan dimaskudkan para pemuda yang telah dibina nantinya akan memberikan kontribusi baik berupa pemikiran maupun aksi nyata dalam membangun generasi muda di seluruh Desa Kabupaten Kutai Timur serta terciptanya desa binaan yang kepemudaannya sudah ada kemitraan.</subfield>
    </datafield>
    <controlfield tag="008">220924################|##########|#|##</controlfield>
    <datafield tag="505" ind1="#" ind2="#">
      <subfield code="a">Coach : M. Harry Rahmadi&#13;
Penguji : Dr. Rahmat, MA&#13;
Mentor : Drs. Bambang Cipto Mulyono,M.Si</subfield>
    </datafield>
    <datafield tag="990" ind1="#" ind2="#">
      <subfield code="a">PKA/093/2021</subfield>
    </datafield>
  </record>
</collection>
